[Event "Mediterranean Cup 9th"]
[Site "Chania"]
[Date "2014.09.03"]
[Round "1"]
[White "Yildiz Kadioglu, Betul Cemre"]
[Black "Papadokonstantakis, Hristos"]
[Result "1-0"]
[WhiteElo "2302"]
[BlackElo "1251"]
[PlyCount "73"]
[EventDate "2014.09.03"]
[EventType "swiss"]
[EventRounds "9"]
[EventCountry "GRE"]
[SourceTitle "CBM 162 Extra"]
[Source "ChessBase"]
[SourceDate "2014.10.17"]
[SourceVersion "1"]
[SourceVersionDate "2014.10.17"]
[SourceQuality "1"]

1. e4 e5 2. Nf3 Nc6 3. d4 exd4 4. Nxd4 Nf6 5. Nxc6 bxc6 6. e5 Nd5 7. c4 Bb4+ 8. Bd2 Qg5 9. cxd5 Qxe5+ 10. Qe2 Qxe2+ 11. Bxe2 Bxd2+ 12. Kxd2 cxd5 13. Nc3 d4 14. Nb5 Kd8 15. Nxd4 Rb8 16. b3 Rb4 17. Kc3 c5 18. Nc2 Re4 19. Bf3 Re7 20. Rhe1 Rhe8 21. Rxe7 Rxe7 22. Ne3 Kc7 23. Nd5+ Kd6 24. Nxe7 Kxe7 25. Kc4 d6 26. Re1+ Be6+ 27. Bd5 h6 28. f4 g6 29. g4 Kd7 30. h3 h5 31. f5 gxf5 32. gxh5 Ke7 33. h6 Kf8 34. Rg1 f4 35. Bxe6 fxe6 36. h7 Ke7 37. h8Q 1-0